00526nam a2200169Ia 4500003000900000008004100009020001800050040001600068080002300084100001900107245010000126260004200226300001500268650004100283650001900324650001300343IN-BaIIA211028s9999 xx 000 0 eng d a90-277-1113-5 cIIA Library a082.2:52bIAU-SS78 aFedorov, E. P. 0aNutation and the earth's rotationcE. P. Fedorov  aDordrechtbD. Reidel Publishingc1980 axvi, 266p. aAstronomy and Astrophysics Thesaurus aEarth rotation aNutation